|
|
|
|
| LEADER |
01231nam a2200241 a 4500 |
| 001 |
26905 |
| 003 |
BD-DhAAL |
| 008 |
130528s2012 bg b 001 0 eng d |
| 999 |
|
|
|c 13511
|d 13511
|
| 020 |
|
|
|a 9789849003946
|
| 040 |
|
|
|a BD-DhAAL
|c BD-DhAAL
|
| 082 |
0 |
0 |
|a 320.95492
|2 23
|
| 100 |
1 |
|
|a Riaz, Ali.
|9 47491
|
| 245 |
1 |
0 |
|a Inconvenient truths about bangladeshi politics /
|c Ali Riaz.
|
| 260 |
|
|
|a Dhaka :
|b Prothoma Prokashan,
|c 2012.
|
| 300 |
|
|
|a xix, 255 pages :
|b illustrations ;
|c 22 cm.
|
| 541 |
|
|
|a Donated By Akbar Ali Khan
|e 26905, 26906, 38232
|
| 651 |
|
0 |
|a Bangladesh
|x Politics and government.
|9 47492
|
| 852 |
1 |
|
|a Ayesha Abed Library
|c General Stacks
|
| 942 |
|
|
|2 ddc
|c BK
|
| 952 |
|
|
|0 0
|1 0
|2 ddc
|4 0
|6 320_954920000000000_RIA
|7 0
|9 22540
|a BRACUL
|b BRACUL
|c GEN
|d 2013-05-30
|e Prothoma
|g 450.00
|l 3
|m 34
|o 320.95492 RIA
|p 3010026906
|r 2025-01-15
|s 2025-01-06
|t 1
|w 2013-05-30
|y BK
|
| 952 |
|
|
|0 0
|1 0
|2 ddc
|4 0
|6 320_954920000000000_RIA
|7 0
|9 22541
|a BRACUL
|b BRACUL
|c GEN
|d 2013-05-30
|e Prothoma
|g 450.00
|l 5
|m 41
|o 320.95492 RIA
|p 3010026905
|r 2025-05-18
|s 2025-01-06
|t 2
|w 2013-05-30
|y BK
|
| 952 |
|
|
|0 0
|1 0
|2 ddc
|4 0
|6 320_954920000000000_RIA
|7 1
|9 70300
|a BRACUL
|b BRACUL
|c AAKC
|d 2022-03-28
|e Donated by Akbar Ali Khan
|l 0
|o 320.95492 RIA
|p 3010038232
|r 2022-03-28
|t 3
|w 2022-03-28
|y BK
|